Development of a customer focused strategy in speculative house building (Record no. 61295)
[ view plain ]
| 000 -LEADER | |
|---|---|
| fixed length control field | 00922cam a2200241 4500 |
| 001 - CONTROL NUMBER | |
| control field | ABS61549 |
| 008 - FIXED-LENGTH DATA ELEMENTS--GENERAL INFORMATION | |
| fixed length control field | 000000n1999 000 0 eng u |
| 035 ## - SYSTEM CONTROL NUMBER | |
| System control number | (Sirsi) u102264 |
| 100 ## - MAIN ENTRY--PERSONAL NAME | |
| Personal name | Roy, R. |
| 245 ## - TITLE STATEMENT | |
| Title | Development of a customer focused strategy in speculative house building |
| 260 ## - PUBLICATION, DISTRIBUTION, ETC. | |
| Date of publication, distribution, etc. | 1999 |
| 490 ## - SERIES STATEMENT | |
| Series statement | Construction Management & Economics |
| Volume/sequential designation | 17(6) November 1999, 777-787(11) |
| 520 ## - SUMMARY, ETC. | |
| Summary, etc. | Discusses the need for the housebuilding industry to take more account of customer requirements, and not place so much emphasis on land and house price inflation as the market driver. Analyses the results of a market survey which looked at people's housing requirements. |
| 590 ## - LOCAL NOTE (RLIN) | |
| Local note | ABS |
| 650 ## - SUBJECT ADDED ENTRY--TOPICAL TERM | |
| Topical term or geographic name entry element | HOUSE BUILDING |
| 650 ## - SUBJECT ADDED ENTRY--TOPICAL TERM | |
| Topical term or geographic name entry element | MARKET RESEARCH |
| 650 ## - SUBJECT ADDED ENTRY--TOPICAL TERM | |
| Topical term or geographic name entry element | CUSTOMER REQUIREMENTS |
| 650 ## - SUBJECT ADDED ENTRY--TOPICAL TERM | |
| Topical term or geographic name entry element | PRODUCT DEVELOPMENT |
| 650 ## - SUBJECT ADDED ENTRY--TOPICAL TERM | |
| Topical term or geographic name entry element | SURVEYS |
| 690 ## - LOCAL SUBJECT ADDED ENTRY--TOPICAL TERM (OCLC, RLIN) | |
| Topical term or geographic name as entry element | HOUSING |
| 700 ## - ADDED ENTRY--PERSONAL NAME | |
| Personal name | Cochrane, S.P. |
| 942 ## - ADDED ENTRY ELEMENTS (KOHA) | |
| Suppress in OPAC | 0 |
| Withdrawn status | Lost status | Source of classification or shelving scheme | Damaged status | Not for loan | Home library | Current library | Shelving location | Date acquired | Total Checkouts | Full call number | Barcode | Date last seen | Copy number | Price effective from | Koha item type |
|---|---|---|---|---|---|---|---|---|---|---|---|---|---|---|---|
| Dewey Decimal Classification | London | London | Journal article | 18/11/1999 | ABS61549 | 102264-1001 | 06/08/2019 | 1 | 06/08/2019 | Journal article |